Estatísticas para Legião Urbana - Tempo Perdido

Clique aqui para jogar o quiz

Estatísticas Gerais

  • Esse quiz foi jogado 147 vezes
  • A pontuação média é 26 de 33

Estatísticas das Respostas

Letras% Correto
Todos os dias quando {acordo}
99%
Temos todo o tempo do {mundo}
97%
Não tenho mais o tempo que {passou}
96%
Não temos tempo a {perder}
94%
Todos os dias antes de {dormir}
94%
Nosso {suor} sagrado
90%
Temos nosso {próprio} tempo!
90%
Temos nosso {próprio} tempo
90%
Temos nosso {próprio} tempo
90%
É bem mais belo que esse {sangue} amargo
89%
Mas tenho {muito} tempo
89%
Sempre em {frente}
89%
Então, me {abraça} forte
85%
Me diz mais uma vez que já {estamos}
85%
E {selvagem}
83%
{Selvagem}
83%
{Selvagem}!
83%
{Distantes} de tudo
81%
Não tenho medo do {escuro}
81%
{Castanhos}
79%
{Lembro} e esqueço como foi o dia
78%
A {tempestade} que chega é da cor dos teus olhos
76%
Veja o sol nessa manhã tão {cinza}
72%
E tão {sério}
71%
Somos tão {jovens}
69%
Tão {jovens}
69%
Tão {jovens}!
69%
E o que foi {prometido}
68%
Ninguém {prometeu}
68%
Nem foi {tempo} {perdido}
61%
O que foi {escondido}
61%
É o que se {escondeu}
60%
Mas deixe as {luzes} {acesas} agora
59%

Distribuição das Pontuações

Percentil de Números Respondidos

Porcentagem de Pessoas com Cada Pontuação

Sua Pontuação Histórica

Você não jogou esse quiz